[Event "Novosibirsk Siberia IM"]
[Site "Novosibirsk"]
[Date "2016.07.27"]
[Round "8"]
[White "Chigvintsev, Andrei"]
[Black "Obgolts, Erik"]
[Result "0-1"]
[WhiteElo "2316"]
[BlackElo "2246"]
[PlyCount "136"]
[EventDate "2016.07.20"]
[EventType "tourn"]
[EventRounds "9"]
[EventCountry "RUS"]
[SourceTitle "EXT 2017"]
[Source "ChessBase"]
[SourceDate "2016.10.25"]
[SourceVersion "1"]
[SourceVersionDate "2016.10.25"]
[SourceQuality "1"]

1. d4 Nf6 2. Nf3 g6 3. g3 Bg7 4. Bg2 0-0 5. 0-0 d6 6. Nc3 Nbd7 7. h3 c6 8. a4 a5 9. e4 e5 10. dxe5 Nxe5 11. Nxe5 dxe5 12. Qxd8 Rxd8 13. Be3 Be6 14. Rfd1 Bf8 15. Bg5 Kg7 16. g4 Bc5 17. Rxd8 Rxd8 18. Nd1 h6 19. Be3 Bxe3 20. Nxe3 Kf8 21. f3 Nd7 22. Bf1 Nb6 23. Kf2 Ke7 24. b3 Kd6 25. Bd3 Kc7 26. Ke2 Rd7 27. Rf1 Re7 28. h4 Re8 29. Kd2 Rd8 30. Kc3 Re8 31. Rh1 Rd8 32. g5 Rh8 33. gxh6 Rxh6 34. Ng4 Rh5 35. Be2 Nd7 36. Nf2 Rh6 37. Kd2 Kd6 38. Ke3 Ke7 39. f4 exf4+ 40. Kxf4 f6 41. Kg3 Ne5 42. Rb1 Kd6 43. Rd1+ Ke7 44. Rf1 Rh8 45. Rd1 Rd8 46. Rxd8 Kxd8 47. Nd3 Ke7 48. Kf4 Nf7 49. Ke3 Ne5 50. Kf4 Nf7 51. Kg3 Ne5 52. Nxe5 fxe5 53. Bg4 Bf7 54. Bc8 b5 55. Kg4 bxa4 56. bxa4 c5 57. Kg5 Be8 58. c3 Kf7 59. h5 gxh5 60. Kf5 Ke7 61. Kxe5 Bxa4 62. Kd5 Bd7 63. Ba6 a4 64. Kc4 Be6+ 65. Kd3 a3 66. Kc2 Kd6 67. Bf1 Ke5 68. Bg2 h4 0-1

[Event "Novosibirsk Siberia"]
[Site "Novosibirsk"]
[Date "2015.06.08"]
[Round "6"]
[White "Dzhumagaliev, Yan"]
[Black "Chigvintsev, Andrei"]
[Result "0-1"]
[WhiteElo "2424"]
[BlackElo "2311"]
[PlyCount "64"]
[EventDate "2015.06.03"]
[EventType "tourn"]
[EventRounds "9"]
[EventCountry "RUS"]
[SourceTitle "CBM 167 Extra"]
[Source "ChessBase"]
[SourceDate "2015.09.14"]
[SourceVersion "1"]
[SourceVersionDate "2015.09.14"]
[SourceQuality "1"]

1. d4 d5 2. c4 c6 3. Nf3 Nf6 4. e3 Bf5 5. Nc3 e6 6. Nh4 Bg4 7. Qb3 Qb6 8. h3 Bh5 9. g4 Bg6 10. Nxg6 hxg6 11. Bg2 Nbd7 12. g5 Ng8 13. e4 Qxd4 14. Qxb7 Rb8 15. Qxc6 Bb4 16. 0-0 Ne7 17. Qa4 Bxc3 18. bxc3 Qxc4 19. Qxa7 dxe4 20. Ba3 Nd5 21. Rfb1 Rd8 22. Bf1 Qc8 23. Rb7 Rh5 24. Bb5 Rxg5+ 25. Kh1 Nxc3 26. Bxd7+ Rxd7 27. Rxd7 Qxd7 28. Qa8+ Qd8 29. Qc6+ Qd7 30. Qxc3 e3 31. Qxe3 Qd5+ 32. f3 Qf5 0-1

[Event "Novosibirsk"]
[Site "Novosibirsk"]
[Date "2014.07.25"]
[Round "4"]
[White "Chigvintsev, Andrei"]
[Black "Giljazitdinov, Eduard"]
[Result "1-0"]
[WhiteElo "2325"]
[BlackElo "2098"]
[PlyCount "105"]
[EventDate "2014.07.22"]
[EventType "tourn"]
[EventRounds "9"]
[EventCountry "RUS"]
[SourceTitle "EXT 2016"]
[Source "ChessBase"]
[SourceDate "2015.10.08"]
[SourceVersion "1"]
[SourceVersionDate "2015.10.08"]
[SourceQuality "1"]

1. d4 Nf6 2. Nf3 g6 3. g3 Bg7 4. Bg2 0-0 5. 0-0 d5 6. c3 c6 7. Nbd2 Nbd7 8. Re1 e5 9. dxe5 Ng4 10. h3 Ngxe5 11. Nd4 Qb6 12. a4 Nc5 13. a5 Qc7 14. b3 f5 15. Ba3 b6 16. f4 Nf7 17. e3 Re8 18. Qc2 Ne4 19. Nxe4 dxe4 20. Bf1 c5 21. Nb5 Qc6 22. axb6 axb6 23. Bb2 Ba6 24. c4 Bb7 25. Bxg7 Kxg7 26. Qb2+ Qf6 27. Qxf6+ Kxf6 28. Nc7 Red8 29. Nxa8 Rxa8 30. Rxa8 Bxa8 31. Ra1 Bb7 32. Kf2 Nd8 33. Ra7 h5 34. g4 h4 35. g5+ Ke6 36. Ke1 Kd6 37. Kd2 Kc7 38. Kc3 Nc6 39. Ra1 Kd6 40. Be2 Ke6 41. Bd1 Kd6 42. Bc2 Ke6 43. b4 cxb4+ 44. Kb3 Kd6 45. Rd1+ Kc7 46. c5 bxc5 47. Kc4 Kb6 48. Rd6 Ba6+ 49. Kd5 Kb5 50. Bb3 Na5 51. Rxg6 Bb7+ 52. Ke5 Nxb3 53. Kd6 1-0

[Event "Novosibirsk"]
[Site "Novosibirsk"]
[Date "2014.07.22"]
[Round "1"]
[White "Petrukhina, Olga"]
[Black "Chigvintsev, Andrei"]
[Result "0-1"]
[WhiteElo "2146"]
[BlackElo "2325"]
[PlyCount "100"]
[EventDate "2014.07.22"]
[EventType "tourn"]
[EventRounds "9"]
[EventCountry "RUS"]
[SourceTitle "EXT 2016"]
[Source "ChessBase"]
[SourceDate "2015.10.08"]
[SourceVersion "1"]
[SourceVersionDate "2015.10.08"]
[SourceQuality "1"]

1. e4 c6 2. d4 d5 3. e5 Qb6 4. Nc3 Bf5 5. Nf3 e6 6. Be2 Nd7 7. 0-0 h6 8. b3 a5 9. Na4 Qa7 10. c4 Ne7 11. Ba3 g5 12. Bd6 Ng6 13. Bd3 Bxd3 14. Qxd3 g4 15. Nd2 Nf4 16. Qe3 Qxd4 17. cxd5 exd5 18. Nc3 Qxe3 19. fxe3 Ne6 20. Ne2 Bxd6 21. exd6 f6 22. Nd4 Nxd4 23. exd4 Kf7 24. Rf4 h5 25. Nf1 Ke6 26. Ng3 Kxd6 27. Rf5 h4 28. Nh5 Rae8 29. Raf1 Kc7 30. Nxf6 Nxf6 31. Rxf6 Re4 32. Rf7+ Kb6 33. Rg7 Rxd4 34. Rff7 Rb8 35. Kf2 a4 36. Ke3 Rb4 37. bxa4 Rxa4 38. Re7 h3 39. g3 Rxa2 40. Rxg4 Kc5 41. Rh4 Rxh2 42. Kd3 b5 43. Re6 b4 44. Re1 Rg8 45. g4 Kb5 46. Re5 Ra2 47. Reh5 h2 48. g5 Rg2 49. Rh7 R8xg5 50. Rb7+ Kc5 0-1

[Event "Koltsovo op"]
[Site "Koltsovo"]
[Date "2014.07.05"]
[Round "8"]
[White "Chigvintsev, Andrei"]
[Black "Piskunov, Alexandr"]
[Result "1/2-1/2"]
[WhiteElo "2325"]
[BlackElo "2298"]
[PlyCount "112"]
[EventDate "2014.06.28"]
[EventType "swiss"]
[EventRounds "9"]
[EventCountry "RUS"]
[SourceTitle "CBM 161 Extra"]
[Source "ChessBase"]
[SourceDate "2014.08.29"]
[SourceVersion "1"]
[SourceVersionDate "2014.08.29"]
[SourceQuality "1"]

1. d4 d6 2. Nf3 Nf6 3. g3 g6 4. Bg2 Bg7 5. 0-0 0-0 6. Nc3 Nbd7 7. d5 e5 8. dxe6 fxe6 9. e4 e5 10. Be3 h6 11. Nh4 Kh7 12. h3 Nb6 13. Qd3 Be6 14. b3 Nh5 15. Rad1 Nd7 16. Kh2 Nf4 17. Qb5 Nxg2 18. Kxg2 b6 19. Qd3 Nc5 20. Bxc5 bxc5 21. Nf3 Qd7 22. Ng1 Rf7 23. Nd5 h5 24. h4 Raf8 25. f3 Bh6 26. Rf2 a5 27. Rdf1 c6 28. Nb6 Qc7 29. Na4 Rf6 30. c4 Bc8 31. Nc3 Kg8 32. Nce2 a4 33. Nh3 axb3 34. axb3 Bxh3+ 35. Kxh3 Ra8 36. Kg2 Ra3 37. f4 exf4 38. gxf4 Bg7 39. Ng3 Qb8 40. Rf3 Ra2+ 41. R1f2 Rxf2+ 42. Rxf2 Qe8 43. Rf3 Qe6 44. f5 Qe5 45. Qe3 gxf5 46. Nxf5 Rg6+ 47. Rg3 Rxg3+ 48. Nxg3 Qb2+ 49. Kh3 Be5 50. Nxh5 Qh2+ 51. Kg4 Qg2+ 52. Kf5 Kf7 53. Qg5 Qf3+ 54. Nf4 Bxf4 55. Qxf4 Qh5+ 56. Qg5 Qf3+ 1/2-1/2

[Event "Koltsovo op"]
[Site "Koltsovo"]
[Date "2014.06.29"]
[Round "2"]
[White "Kondrakhin, Pavel"]
[Black "Chigvintsev, Andrei"]
[Result "0-1"]
[WhiteElo "1917"]
[BlackElo "2325"]
[PlyCount "60"]
[EventDate "2014.06.28"]
[EventType "swiss"]
[EventRounds "9"]
[EventCountry "RUS"]
[SourceTitle "CBM 161 Extra"]
[Source "ChessBase"]
[SourceDate "2014.08.29"]
[SourceVersion "1"]
[SourceVersionDate "2014.08.29"]
[SourceQuality "1"]

1. c4 c6 2. g3 d5 3. Qc2 Nf6 4. Bg2 g6 5. Nf3 Bg7 6. 0-0 0-0 7. d3 Re8 8. Nbd2 e5 9. e4 dxe4 10. dxe4 Na6 11. Rd1 Nb4 12. Qc3 c5 13. Re1 b6 14. a3 Nc6 15. b4 Nd4 16. Nb3 Qc7 17. Bg5 Be6 18. b5 a6 19. a4 axb5 20. axb5 Rxa1 21. Nxa1 Ra8 22. Bxf6 Bxf6 23. Nc2 Ra2 24. Ne3 Ne2+ 25. Rxe2 Rxe2 26. Nc2 Qd8 27. Bf1 Rxe4 28. Nd2 Rg4 29. Be2 e4 30. Qe3 Bg5 0-1

[Event "Novosibirsk Siberia"]
[Site "Novosibirsk"]
[Date "2012.07.26"]
[Round "9"]
[White "Chigvintsev, Andrei"]
[Black "Bublei, Pavel"]
[Result "0-1"]
[WhiteElo "2356"]
[BlackElo "2337"]
[PlyCount "74"]
[EventDate "2012.07.18"]
[EventType "tourn"]
[EventRounds "9"]
[EventCountry "RUS"]
[EventCategory "2"]
[SourceTitle "EXT 2013"]
[Source "ChessBase"]
[SourceDate "2012.11.22"]
[SourceVersion "1"]
[SourceVersionDate "2012.11.22"]
[SourceQuality "1"]

1. c4 c6 2. Nf3 d5 3. b3 Nf6 4. Bb2 Bf5 5. e3 e6 6. Nh4 Bxb1 7. Qxb1 Nbd7 8. Nf3 Bd6 9. Be2 0-0 10. 0-0 e5 11. cxd5 cxd5 12. Rc1 Re8 13. Qf5 Qe7 14. Rc2 Rac8 15. Rac1 Rxc2 16. Rxc2 a6 17. d4 e4 18. Nd2 g6 19. Qh3 h5 20. g3 Kg7 21. Qg2 h4 22. Nf1 Qe6 23. g4 Nh7 24. f4 exf3 25. Bxf3 Ndf6 26. h3 Ng5 27. Bc1 Nxf3+ 28. Qxf3 Ne4 29. Bd2 Ng5 30. Qg2 f5 31. Kh1 Rf8 32. Rc1 Nxh3 33. Qxh3 fxg4 34. Qxh4 Rh8 35. Qxh8+ Kxh8 36. Kg1 g3 37. Be1 Qg4 0-1

[Event "Novosibirsk Siberia"]
[Site "Novosibirsk"]
[Date "2012.07.25"]
[Round "8"]
[White "Vekshenkov, Nikolai"]
[Black "Chigvintsev, Andrei"]
[Result "1-0"]
[WhiteElo "2416"]
[BlackElo "2356"]
[PlyCount "93"]
[EventDate "2012.07.18"]
[EventType "tourn"]
[EventRounds "9"]
[EventCountry "RUS"]
[EventCategory "2"]
[SourceTitle "EXT 2013"]
[Source "ChessBase"]
[SourceDate "2012.11.22"]
[SourceVersion "1"]
[SourceVersionDate "2012.11.22"]
[SourceQuality "1"]

1. c4 e5 2. Nc3 Nc6 3. g3 Nf6 4. Bg2 Bc5 5. e3 0-0 6. Nge2 Re8 7. 0-0 a6 8. d4 exd4 9. Nxd4 Ne5 10. b3 d6 11. h3 Bd7 12. Bb2 Qc8 13. Kh2 Rb8 14. Nd5 Nxd5 15. cxd5 Bxd4 16. Qxd4 f6 17. f4 Nf7 18. g4 c5 19. Qc3 b5 20. Rac1 b4 21. Qd2 Bb5 22. Rf3 Re7 23. Rg3 Qe8 24. h4 Bd7 25. Kg1 Nh6 26. Bh3 f5 27. gxf5 Nxf5 28. Bxf5 Bxf5 29. Qg2 Rbb7 30. Kf2 Be4 31. Qh3 Bxd5 32. Rcg1 Rf7 33. h5 Be4 34. Qg4 Qd7 35. Qg5 d5 36. Bxg7 Rxg7 37. Qf6 Bg6 38. hxg6 h6 39. Rh1 d4 40. Rxh6 dxe3+ 41. Rxe3 Rb8 42. Qh4 Qd2+ 43. Kf3 Qd1+ 44. Re2 Qf1+ 45. Qf2 Qc1 46. Qh2 Qf1+ 47. Kg3 1-0

[Event "Novosibirsk Siberia-A"]
[Site "Novosibirsk"]
[Date "2009.07.22"]
[Round "5"]
[White "Bublei, Pavel"]
[Black "Chigvintsev, Andrei"]
[Result "1-0"]
[WhiteElo "2189"]
[BlackElo "2362"]
[PlyCount "73"]
[EventDate "2009.07.18"]
[EventType "tourn"]
[EventRounds "9"]
[EventCountry "RUS"]
[SourceTitle "EXT 2021"]
[Source "ChessBase"]
[SourceDate "2020.10.23"]
[SourceVersion "1"]
[SourceVersionDate "2020.10.23"]
[SourceQuality "1"]

1. d4 d5 2. c4 e6 3. Nc3 Be7 4. Nf3 Nf6 5. e3 0-0 6. Bd3 Nbd7 7. 0-0 dxc4 8. Bxc4 a6 9. a4 c5 10. dxc5 Bxc5 11. Qe2 Qc7 12. e4 Ng4 13. Ba2 b6 14. h3 Nge5 15. Bf4 Bd6 16. Nxe5 Bxe5 17. Be3 Nc5 18. Rac1 Qb7 19. b4 Nd7 20. Bb1 Nf6 21. Bg5 Qb8 22. f4 Bd4+ 23. Kh1 g6 24. Qd3 Bxc3 25. Qxc3 Nh5 26. Bh6 Bb7 27. g4 Rc8 28. Qb2 f6 29. gxh5 Kf7 30. Qd4 Rd8 31. Qc3 Rd7 32. f5 gxf5 33. Rg1 Qe5 34. Rg7+ Ke8 35. Qxe5 fxe5 36. Rc7 Rxc7 37. Rxc7 1-0

[Event "Novosibirsk Siberia-A"]
[Site "Novosibirsk"]
[Date "2009.07.18"]
[Round "1"]
[White "Karimov, Adkhamzhan"]
[Black "Chigvintsev, Andrei"]
[Result "1/2-1/2"]
[WhiteElo "2118"]
[BlackElo "2362"]
[PlyCount "93"]
[EventDate "2009.07.18"]
[EventType "tourn"]
[EventRounds "9"]
[EventCountry "RUS"]
[SourceTitle "EXT 2021"]
[Source "ChessBase"]
[SourceDate "2020.10.23"]
[SourceVersion "1"]
[SourceVersionDate "2020.10.23"]
[SourceQuality "1"]

1. e4 c6 2. d4 d5 3. exd5 cxd5 4. Nf3 Bg4 5. h3 Bxf3 6. Qxf3 Nc6 7. c3 e6 8. Bd3 Nf6 9. 0-0 Be7 10. Bf4 0-0 11. Nd2 Rc8 12. Rfe1 Na5 13. Be5 Qd7 14. Qg3 Nc4 15. Nxc4 dxc4 16. Bc2 b5 17. Re4 g6 18. Rh4 Nd5 19. Rh6 Bf6 20. Bxf6 Nxf6 21. Qe5 Nd5 22. Re1 Qc7 23. Qg5 Qf4 24. Qxf4 Nxf4 25. Rh4 Nd5 26. a3 a5 27. Be4 b4 28. Bxd5 exd5 29. axb4 axb4 30. Re5 Rfd8 31. Rf4 Rd7 32. Rf6 Ra8 33. cxb4 Rb8 34. Rc6 Rxb4 35. Rc5 Rxb2 36. Rexd5 Rxd5 37. Rxd5 c3 38. Rc5 c2 39. Kh2 Rb4 40. Rxc2 Rxd4 41. g4 Kg7 42. Kg3 Rd3+ 43. f3 g5 44. Rc6 h6 45. Rc7 Rd4 46. Rb7 Rd3 47. Ra7 1/2-1/2

[Event "Novosibirsk-ch"]
[Site "Novosibirsk"]
[Date "2007.02.21"]
[Round "8"]
[White "Kopylov, Alexander"]
[Black "Chigvintsev, Andrei"]
[Result "1/2-1/2"]
[WhiteElo "2327"]
[BlackElo "2363"]
[PlyCount "54"]
[EventDate "2007.02.14"]
[EventType "swiss"]
[EventRounds "9"]
[EventCountry "RUS"]
[SourceTitle "EXT 2008"]
[Source "ChessBase"]
[SourceDate "2007.11.25"]
[SourceVersion "1"]
[SourceVersionDate "2007.11.25"]
[SourceQuality "1"]

1. d4 f5 2. g3 Nf6 3. Bg2 e6 4. Nf3 d5 5. 0-0 c6 6. c4 Bd6 7. b3 Qe7 8. Bb2 0-0 9. Nbd2 Bd7 10. Ne5 Be8 11. e3 Nbd7 12. f4 Bh5 13. Qc2 Ng4 14. Nxg4 Bxg4 15. a4 a5 16. Qc1 Nb8 17. Ba3 Na6 18. Bxd6 Qxd6 19. Qc3 Nb4 20. Bf3 h5 21. c5 Qe7 22. h4 Rab8 23. Rfc1 Rfc8 24. Bd1 Qd8 25. Nf3 Bxf3 26. Bxf3 g6 27. Be2 Qc7 1/2-1/2

[Event "Novosibirsk-ch"]
[Site "Novosibirsk"]
[Date "2007.02.15"]
[Round "2"]
[White "Dzhumagaliev, Yan"]
[Black "Chigvintsev, Andrei"]
[Result "0-1"]
[WhiteElo "2239"]
[BlackElo "2363"]
[PlyCount "112"]
[EventDate "2007.02.14"]
[EventType "swiss"]
[EventRounds "9"]
[EventCountry "RUS"]
[SourceTitle "EXT 2008"]
[Source "ChessBase"]
[SourceDate "2007.11.25"]
[SourceVersion "1"]
[SourceVersionDate "2007.11.25"]
[SourceQuality "1"]

1. Nf3 d5 2. g3 Nf6 3. Bg2 e6 4. d4 Be7 5. c4 0-0 6. 0-0 Nbd7 7. Qc2 Re8 8. Rd1 c6 9. b3 b6 10. Bb2 Bb7 11. Nc3 Rc8 12. e4 dxe4 13. Ng5 e3 14. fxe3 h6 15. Nge4 Qc7 16. Nf2 e5 17. Rf1 Rcd8 18. Rae1 Bb4 19. Nd3 exd4 20. exd4 Bf8 21. Ne4 Nxe4 22. Bxe4 Nf6 23. Rxf6 gxf6 24. Qf2 Bc8 25. d5 Bg7 26. Nf4 f5 27. Bxg7 Kxg7 28. Bf3 cxd5 29. Qd4+ Kg8 30. Rxe8+ Rxe8 31. Nxd5 Qe5 32. Nf6+ Kh8 33. Qh4 Qe3+ 34. Kg2 Re6 35. Nd5 Qd2+ 36. Kh3 Qg5 37. Qd4+ Qg7 38. Qd2 Bb7 39. Qf4 Qe5 40. Qh4 Bxd5 41. cxd5 Rf6 42. Qa4 f4 43. g4 a5 44. b4 axb4 45. Qxb4 Kg7 46. a4 Rg6 47. Be4 Rf6 48. Bf3 Qa1 49. Qc4 Qa3 50. Qe4 Qe3 51. Kg2 Qxe4 52. Bxe4 f3+ 53. Bxf3 Rf4 54. Bd1 Rd4 55. Bb3 Rxg4+ 56. Kf3 Rb4 0-1

[Event "Novosibirsk"]
[Site "Novosibirsk"]
[Date "2006.07.01"]
[Round "11"]
[White "Chigvintsev, Andrei"]
[Black "Verzhansky, Alexander"]
[Result "0-1"]
[WhiteElo "2386"]
[BlackElo "2304"]
[PlyCount "94"]
[EventDate "2006.06.23"]
[EventType "tourn"]
[EventRounds "11"]
[EventCountry "RUS"]
[SourceTitle "EXT 2008"]
[Source "ChessBase"]
[SourceDate "2007.11.25"]
[SourceVersion "1"]
[SourceVersionDate "2007.11.25"]
[SourceQuality "1"]

1. d4 f5 2. Nc3 d5 3. Bg5 Nf6 4. Bxf6 exf6 5. e3 c6 6. g3 Be6 7. Nge2 g5 8. h4 Nd7 9. Bg2 Nb6 10. b3 Bb4 11. a3 Bd6 12. Qd3 Qd7 13. a4 a5 14. 0-0-0 0-0-0 15. Kb2 Kb8 16. Na2 Nc8 17. c4 dxc4 18. bxc4 Nb6 19. Rc1 Qf7 20. Ka1 Bxc4 21. Qb1 Bc7 22. Nec3 f4 23. Qf5 fxe3 24. fxe3 Qe7 25. Qf2 Rhe8 26. Rhe1 Qa3 27. Rb1 Nxa4 28. Nxa4 Qxa4 29. Rb2 Re6 30. Reb1 Ba6 31. Bf1 b5 32. Bh3 Red6 33. hxg5 fxg5 34. Bg4 Bb7 35. Rc1 b4 36. Bd1 Qb5 37. Nc3 Qd3 38. Be2 Qg6 39. Na4 Rf6 40. Qe1 Re8 41. Nc5 Rxe3 42. Nd7+ Ka7 43. Nxf6 Qxf6 44. Qd2 Rxg3 45. Rf1 Bf4 46. Qd1 c5 47. Ra2 Kb6 0-1

[Event "Novosibirsk"]
[Site "Novosibirsk"]
[Date "2006.06.30"]
[Round "10"]
[White "Skurygin, Anton"]
[Black "Chigvintsev, Andrei"]
[Result "0-1"]
[WhiteElo "2394"]
[BlackElo "2386"]
[PlyCount "80"]
[EventDate "2006.06.23"]
[EventType "tourn"]
[EventRounds "11"]
[EventCountry "RUS"]
[SourceTitle "EXT 2008"]
[Source "ChessBase"]
[SourceDate "2007.11.25"]
[SourceVersion "1"]
[SourceVersionDate "2007.11.25"]
[SourceQuality "1"]

1. c4 e5 2. Nc3 Nc6 3. g3 Nf6 4. Bg2 Bc5 5. e3 a6 6. Nge2 d6 7. 0-0 0-0 8. a3 Re8 9. d3 Ba7 10. h3 Ne7 11. Nd5 Nfxd5 12. cxd5 c6 13. dxc6 bxc6 14. b4 a5 15. Bd2 Ba6 16. Qc2 Bb6 17. Rfb1 d5 18. Nc1 a4 19. Rb2 Bb5 20. Na2 d4 21. e4 Qc8 22. Re1 Qa6 23. Nc1 Rac8 24. Qb1 Bc7 25. h4 Bd6 26. Bh3 Rb8 27. h5 c5 28. bxc5 Bxc5 29. Bb4 Bxb4 30. Rxb4 Nc6 31. Rb2 Re7 32. Qc2 Qa5 33. Re2 Qc3 34. Rd2 Reb7 35. h6 Qxa3 36. Kg2 Qd6 37. hxg7 a3 38. Rb3 Na5 39. Rb4 Bxd3 40. Rxb7 Bxc2 0-1

[Event "Novosibirsk"]
[Site "Novosibirsk"]
[Date "2006.06.26"]
[Round "5"]
[White "Chigvintsev, Andrei"]
[Black "Petrukhin, Denis"]
[Result "0-1"]
[WhiteElo "2386"]
[BlackElo "2378"]
[PlyCount "138"]
[EventDate "2006.06.23"]
[EventType "tourn"]
[EventRounds "11"]
[EventCountry "RUS"]
[SourceTitle "EXT 2008"]
[Source "ChessBase"]
[SourceDate "2007.11.25"]
[SourceVersion "1"]
[SourceVersionDate "2007.11.25"]
[SourceQuality "1"]

1. d4 Nf6 2. Nf3 g6 3. g3 Bg7 4. Bg2 0-0 5. 0-0 d6 6. Nc3 Nc6 7. d5 Na5 8. Nd4 Bd7 9. e4 c5 10. Nb3 Nxb3 11. axb3 b5 12. Re1 b4 13. Nb1 Bb5 14. e5 dxe5 15. Rxe5 Ne8 16. Re1 Nd6 17. Be3 Qc7 18. c4 Bd7 19. Qc1 Rfe8 20. Nd2 Bf5 21. Ra6 Bd7 22. Bf4 Qc8 23. Ra2 a5 24. Nf3 Ra6 25. Ne5 Nf5 26. Nxd7 Qxd7 27. Bh3 e5 28. Bh6 Bf6 29. Qb1 Raa8 30. Qe4 Bd8 31. Re3 Qd6 32. Bxf5 gxf5 33. Qf4 Re6 34. Qxf5 Rxh6 35. Rxe5 Bf6 36. Re2 Bd4 37. Ra1 Rf6 38. Qe4 Qd7 39. Kg2 Qf5 40. Qxf5 Rxf5 41. f4 Rf6 42. Kf3 Rd6 43. g4 Kf8 44. g5 Rdd8 45. f5 f6 46. h4 Kf7 47. Rae1 Rd7 48. Kg4 Be5 49. h5 Rg8 50. g6+ hxg6 51. fxg6+ Kg7 52. Kf5 Rh8 53. Rh1 Rh6 54. Kg4 Rh8 55. Ra1 Ra7 56. Rd1 Rd7 57. Rde1 Rd6 58. Rf1 Rd7 59. Rf5 Re8 60. Rf1 Rh8 61. Rfe1 Rd6 62. Rxe5 fxe5 63. Kg5 Re8 64. h6+ Kg8 65. Re4 Kh8 66. Kf5 Rf8+ 67. Kg5 Rg8 68. g7+ Kh7 69. Rxe5 Rxh6 0-1

[Event "Koltsovo op-A"]
[Site "Koltsovo"]
[Date "2006.06.14"]
[Round "3"]
[White "Polyakevich, Stanislav Georgievi"]
[Black "Chigvintsev, Andrei"]
[Result "1-0"]
[WhiteElo "2293"]
[BlackElo "2386"]
[PlyCount "173"]
[EventDate "2006.06.12"]
[EventType "swiss"]
[EventRounds "9"]
[EventCountry "RUS"]
[SourceTitle "EXT 2008"]
[Source "ChessBase"]
[SourceDate "2007.11.25"]
[SourceVersion "1"]
[SourceVersionDate "2007.11.25"]
[SourceQuality "1"]

1. Nf3 d5 2. d4 Nf6 3. c4 dxc4 4. Nc3 a6 5. a4 e6 6. e3 Nc6 7. Bxc4 Bb4 8. 0-0 0-0 9. Qe2 h6 10. Rd1 Qe7 11. Ne5 Nxe5 12. dxe5 Nd7 13. f4 Rd8 14. Bd2 Nf8 15. Bd3 Bd7 16. Be4 Rab8 17. Bf3 Ng6 18. g3 Be8 19. h4 Rd7 20. h5 Nf8 21. Kf2 Qd8 22. Be1 Rxd1 23. Rxd1 Qe7 24. Qc4 b5 25. axb5 axb5 26. Qd3 Nd7 27. Kg2 Nb6 28. b3 Nd7 29. Qd4 Bc5 30. Qd3 Ba7 31. Ne2 Nb6 32. Ra1 Rd8 33. Qc3 Nc8 34. Nd4 c5 35. Nc6 Bxc6 36. Bxc6 Qc7 37. Be4 c4 38. bxc4 bxc4 39. Ra4 Nb6 40. Qa5 Bb8 41. Rb4 Nd5 42. Qxc7 Bxc7 43. Rb7 Rc8 44. Kf3 Kf8 45. Ke2 Ke8 46. Bc2 Rb8 47. Rxb8+ Bxb8 48. e4 Nb6 49. Bf2 Bc7 50. Kd2 Kd7 51. Bc5 Ke8 52. Kc3 f6 53. exf6 gxf6 54. Kb4 Kf7 55. Bf2 Nc8 56. Kxc4 Bb6 57. Be1 Nd6+ 58. Kd3 e5 59. fxe5 fxe5 60. Bb3+ Kg7 61. Ba4 Bc5 62. Bc6 Kf6 63. Bd2 Nf7 64. Kc4 Bf2 65. g4 Bb6 66. Kd5 Ng5 67. Kd6 Bd4 68. Kd7 Bc5 69. Bd5 Bf8 70. Ba5 Be7 71. Bc7 Nf3 72. Bc4 Ng5 73. Bd3 Nf7 74. Bc2 Bb4 75. Bb3 Ng5 76. Bd8+ Kg7 77. Bd5 Ba3 78. Kc6 Bb4 79. Kb5 Ba3 80. Kc4 Bb2 81. Bc6 Ba1 82. Kd5 Bc3 83. Bd7 Bb2 84. Bf5 Nf3 85. Be7 Ng5 86. Bg6 Nf3 87. Ke6 1-0

[Event "Koltsovo op-A"]
[Site "Koltsovo"]
[Date "2006.06.13"]
[Round "2"]
[White "Chigvintsev, Andrei"]
[Black "Parkhomenko, Alexander"]
[Result "1-0"]
[WhiteElo "2386"]
[BlackElo "1942"]
[PlyCount "107"]
[EventDate "2006.06.12"]
[EventType "swiss"]
[EventRounds "9"]
[EventCountry "RUS"]
[SourceTitle "EXT 2008"]
[Source "ChessBase"]
[SourceDate "2007.11.25"]
[SourceVersion "1"]
[SourceVersionDate "2007.11.25"]
[SourceQuality "1"]

1. d4 Nf6 2. Nf3 d5 3. e3 e6 4. Be2 Be7 5. 0-0 0-0 6. a3 a6 7. Nbd2 Nbd7 8. Bd3 Bd6 9. c4 c5 10. dxc5 Nxc5 11. Bc2 dxc4 12. Nxc4 Bc7 13. b4 Ncd7 14. Bb2 Qe7 15. Nd4 Nb6 16. Nxb6 Bxb6 17. Qf3 Rb8 18. Rad1 Bd7 19. Nf5 exf5 20. Bxf6 Qxf6 21. Rxd7 g6 22. Bb3 Qc6 23. Rfd1 Qxf3 24. gxf3 Kg7 25. f4 Bd8 26. Bxf7 Rxf7 27. Rxd8 Rxd8 28. Rxd8 Rc7 29. Rd6 Kf7 30. Rb6 Ke7 31. Kg2 Rd7 32. Kf3 Kd8 33. Ke2 Ke7 34. h4 Kf7 35. f3 Re7 36. Kd3 Rd7+ 37. Kc4 Re7 38. a4 Rc7+ 39. Kd5 Ke7 40. e4 Rd7+ 41. Ke5 fxe4 42. fxe4 Kf7 43. a5 Kg7 44. f5 gxf5 45. Kxf5 Kf7 46. h5 Re7 47. e5 Kg7 48. h6+ Kf7 49. e6+ Ke8 50. b5 Rc7 51. Kf6 Rc1 52. Rxb7 Rf1+ 53. Kg7 axb5 54. a6 1-0